00907nam a22002297a 4500999001900000005001700019010001500036020002600051035001400077037001300091082001600104245014400120260005700264270008200321300002400403500002300427700002400450700001900474700002500493942003000518952012900548 c157627d15762720180922124040.0 aENG-124024 c300.00a9788192606224 aEN-107556 bDBAD/PUB a305.8009545 aFamily and clan in north east india:ced. by Alphonsus D'Souza; Lalnghakthami [and] Pangernungba Kechubreflections by christian scholars / aGuwahatic2015bNorth Eastern Social Research Centre bGuwahatiaJagriti 2nd Floor, Arunadai Path, GMC Road, Christian Bastie781005 axix,292p.c21(pbk.) aIt includes index  a D'Souza, Alphonsus aLalnghakthami  a Kechu, Pangernungba 2ddccENh305.8009545mFAM 001040718NFICaDBADbZLSd2018-09-22eDBAD/PUBg300.00l0o305.8009545 FAMpEN-107556r2018-09-22 00:00:00t1v300.00yEN